| 000 | 00938cam a2200241 4500 | ||
|---|---|---|---|
| 001 | 772127 | ||
| 005 | 20100104153615.0 | ||
| 008 | 730419r1973 nyua |rb 001 0beng d | ||
| 010 | _a 72087605 | ||
| 020 | _a0399110615 | ||
| 040 |
_aDLC _cDLC _dDLC |
||
| 050 | 0 | 0 |
_aDT108.05.S6 _bB76 1973 |
| 082 | 0 | 0 |
_a355.3320924 _222 _bBRO |
| 100 | 2 |
_aBrook-Shepherd, Gordon, _d1918- _910760 |
|
| 245 | 1 | 0 |
_aBetween Two Flags: _bThe Life of Baron Sir Rudolf von Slatin Pasha, GCVO, KCMG, CB / _cby Gordon Brook-Shepherd. |
| 260 |
_aNew York: _bPutnam, 1973 _c1973 |
||
| 300 |
_axvii, 366 p. : _bill. ; _c22 cm. |
||
| 500 | _aDonated by: Alaa Abdel Ghany | ||
| 504 | _aIncludes bibliographical references and index | ||
| 600 | 1 | 0 |
_aSlatin, Rudolf Carl, _cFreiherr von, _d1857-1932. _910761 |
| 942 |
_2ddc _cBB |
||
| 999 |
_c13232 _d13232 |
||